Vodní cesty: Navrhování plavebních komor /

Salvato in:
Dettagli Bibliografici
Autori principali: Medřický, Vladimír (Autore), Valenta, Petr (Autore)
Natura: Libro
Lingua:ceco
Pubblicazione: Praha: ČVUT, 2018
Edizione:3. vyd.
Soggetti:
Tags: Aggiungi Tag
Nessun Tag, puoi essere il primo ad aggiungerne!!

MARC

LEADER 00000nam a22000003a 4500
001 0094352
003 SK-STU
005 20220307094929.2
007 ta
008 220307s ----xo-----e------000-0-----d
020 |a 978-80-01-06443-6 
040 |a STU  |b slo 
041 0 |a cze  |h cze 
044 |a xr 
100 1 |a Medřický, Vladimír  |4 aut 
245 1 0 |a Vodní cesty:  |b Navrhování plavebních komor /  |c aut. Vladimír Medřický, Petr Valenta 
250 |a 3. vyd. 
260 |a Praha:  |b ČVUT,  |c 2018 
300 |a 100 s. 
650 0 7 |a vodné cesty 
650 0 7 |a plavebné komory 
700 1 |a Valenta, Petr  |4 aut 
996 |b 284V037758  |c V* 53349/O-24509  |l VVT  |s A  |a 24  |w 0094352_0001